Algeria law articles in english

Detalles Bibliográficos
Formato: Seriadas
Lenguaje:inglés
Publicado: [s.l.] : Mondaq, 2001 -
Materias:
Acceso en línea:Acceso restringido

MARC

LEADER 00000nas a22000007a 4500
005 2013122401401.0
008 110915c20019999ag zx|| s|||| 0|||a1eng d
035 |a 4709 
040 |a vLex 
090 |c 4657  |d 4657 
245 0 0 |a Algeria law articles in english  |h [Recurso electrn̤ico] 
256 |a Servicio en ln̕ea. 
260 |a [s.l.] :  |b Mondaq,  |c 2001 - 
300 |a 1 recurso electrn̤ico 
310 |a Irregular 
506 1 |a Contenido solo disponible en los productos indicados  |d vLex Global  |d vLex Global (Academic Edition, excluding Law Schools)  |d vLex Global (U.S. Academic Edition, Law Schools)  |d vLex Global (U.S. Academic Edition, excluding Law Schools)  |d vLex Global (Academic Edition, Law Schools) 
650 0 4 |a Derecho  |v Revistas  |z Algeria 
740 0 |a vLex Revistas (Servicio en ln̕ea) 
856 4 0 |u http://vlex.com/source/algeria-articles-in-english-4709  |z Acceso restringido 
942 |c REV